|
|
|
|
| LEADER |
00000cam a2200000 i 4500 |
| 001 |
1/434 |
| 008 |
000403s1976 nyu| | | |||| ||eng|| |
| 020 |
|
|
|a 0471796212
|
| 035 |
|
|
|l 10059657
|
| 040 |
|
|
|a GR-MyUa
|b gre
|e AACR2
|
| 041 |
0 |
|
|a eng
|
| 082 |
7 |
|
|a 516.6
|2 (22)
|
| 100 |
1 |
|
|a Slaby, Steve M.
|
| 245 |
1 |
0 |
|a Fundamentals of three-dimensional descriptive geometry /
|c Steve M. Slaby.
|
| 250 |
|
|
|a 2nd ed.
|
| 260 |
|
|
|a New York :
|b Wiley,
|c c1976.
|
| 300 |
|
|
|a ix, 416 σ. :
|b εικ. ;
|c 24 εκ.
|
| 504 |
|
|
|a Περιλαμβάνει βιβλιογραφίες και ευρετήριο.
|
| 650 |
0 |
0 |
|a Geometry, Descriptive.
|
| 852 |
|
|
|a INST
|b SAMOS
|e 20000403
|h 516.6 SLA
|p 005300017759
|q 005300017759
|t BK
|y 0
|
| 901 |
|
|
|a BIBL3-2000-2
|
| 922 |
|
|
|a 3ΕΛΗ
|b 200003
|c ΚΠΣ
|d LEADER
|
| 950 |
|
|
|a 116-1999-12-29
|
| 970 |
|
|
|a ΓΕΝΟΥΖΟΥ
|b ΧΡΥΣΑΝΘΗ
|z 2000/05/08
|